[Event "BAN-chB 47th"]
[Site "Dhaka"]
[Date "2022.10.31"]
[Round "5"]
[White "Md Abzid, Rahman"]
[Black "Dibya, Das Gupta"]
[Result "1-0"]
[WhiteElo "2045"]
[BlackElo "1907"]
[PlyCount "85"]
[EventDate "2022.10.27"]
[EventType "swiss"]
[EventRounds "11"]
[EventCountry "BAN"]
[SourceTitle "EXT 2024"]
[Source "ChessBase"]
[SourceDate "2023.10.10"]
[SourceVersion "1"]
[SourceVersionDate "2023.10.10"]
[SourceQuality "1"]

1. d4 Nf6 2. Nf3 b6 3. e3 Bb7 4. Bd3 e6 5. 0-0 Be7 6. b3 Ne4 7. Bb2 0-0 8. Nbd2 f5 9. c4 Qe8 10. Qc2 Nxd2 11. Nxd2 Nc6 12. a3 Bf6 13. f4 Ne7 14. Nf3 Ng6 15. a4 a5 16. Ba3 Be7 17. c5 Rc8 18. b4 axb4 19. Bxb4 bxc5 20. dxc5 d6 21. Bb5 Qf7 22. c6 Ba8 23. Rad1 Kh8 24. Ba5 Bf6 25. g3 Ne7 26. Rfe1 h6 27. e4 fxe4 28. Qxe4 Qh5 29. Bb4 Nd5 30. Bd2 Bc3 31. Nh4 Bxd2 32. Ng6+ Kg8 33. Qxe6+ Kh7 34. Nxf8+ Rxf8 35. Qe4+ Kh8 36. Rxd2 Nf6 37. Qd4 Re8 38. Rxe8+ Qxe8 39. Re2 Qg6 40. Qa7 Qb1+ 41. Kg2 Bxc6+ 42. Bxc6 h5 43. Qa8+ 1-0

[Event "BAN-ch U20"]
[Site "Dhaka"]
[Date "2022.02.20"]
[Round "6"]
[White "Dibya, Das Gupta"]
[Black "Tahmidul, Haque"]
[Result "1-0"]
[WhiteElo "1923"]
[BlackElo "1756"]
[PlyCount "121"]
[EventDate "2022.02.15"]
[EventType "swiss"]
[EventRounds "9"]
[EventCountry "BAN"]
[SourceTitle "CBM 207 Extra"]
[Source "ChessBase"]
[SourceDate "2022.05.31"]
[SourceVersion "1"]
[SourceVersionDate "2022.05.31"]
[SourceQuality "1"]

1. Nf3 c5 2. g3 d5 3. Bg2 Nc6 4. d4 Nf6 5. 0-0 Bf5 6. c4 e6 7. Nc3 h6 8. cxd5 exd5 9. Bf4 Be7 10. Qb3 Qb6 11. Qxb6 axb6 12. Rfd1 0-0 13. a3 Rfe8 14. Kf1 Na5 15. Nd2 cxd4 16. Nb5 g5 17. Be5 Bc2 18. Rdc1 d3 19. Nc7 Ng4 20. Bd4 Nc6 21. e3 Nxd4 22. exd4 Bf6 23. Nf3 h5 24. Nxa8 Rxa8 25. h3 Nh6 26. Ne1 Bxd4 27. Nxc2 Bxb2 28. Nb4 Bxc1 29. Rxc1 Rxa3 30. Rd1 Nf5 31. Nxd3 h4 32. g4 Ne7 33. Nb4 Kg7 34. Nxd5 Ng6 35. Rb1 Ne5 36. Ne3 Nd3 37. Rd1 b5 38. Bxb7 b4 39. Be4 Nf4 40. Bg2 b3 41. Rb1 b2 42. Be4 Rc3 43. Bc2 Nxh3 44. Rxb2 Nf4 45. Kg1 Kf6 46. Rb4 Ke5 47. Rb5+ Ke6 48. Kh2 f6 49. Rb6+ Ke5 50. Bf5 Rc1 51. Ng2 Nd5 52. Re6+ Kd4 53. Re4+ Kc5 54. Re8 Kd4 55. Be6 Nb4 56. Rd8+ Ke5 57. Bf5 Ra1 58. Ne3 Ra2 59. Kg2 h3+ 60. Kg3 h2 61. Nc4# 1-0